000 00587 a2200181 4500
999 _c4985
_d4985
010 _aENG-86601
020 _a9788187134121
_c345.00
035 _aEN-70134
037 _bDBAD / PUB
082 1 4 _a572.51
100 _aDas, Asim K.
245 1 _aBioinorganic chemistry :
_cby Asim K. Das
_bfor the M.Sc and B.Sc (Hons/major) students of chemistry /
260 _aKolkata
_bBooks & Allied
_c2007
270 _a8/1, Chintamoni Das Lane
_bKolkata
_e700 009
_cWest Bengal
300 _avii, 416p
_c25cm (Hb)
500 _aIncludes index
942 _adpl
_cEN
_2ddc
_h572.51
_mDAS